00491nam a2200169Ia 450000500170000000800410001708200130005810000190007124500240009025000080011426000530012230000130017565000180018894200060020695200940021299900150030620241213020742.0240331s9999 xx 000 0 und d bGUNa823 aGunaratne, E.H 4aThe song of freedom a2nd aLondonb Lowe and Brydone Printers Limitedc1947 a115 P ., aShort Stories cL 001040708LaWERCLbWERCLcSSCd2024-03-31l0o 821 GUNp250r2024-03-31w2024-03-31yL c3355d3355